Prezydenci USA - nagła śmierć - Statystyki

Ogólne statystyki
  • Ten quiz został rozwiązany 2 812 razy
  • Średni wynik to 5 z 18
Answers on the Grid
Answers color-coded by a green-red scale on the quiz's grid according to % correct below.
Bryan
Clay
Cleveland
Clinton
Columbus
Cook
Davis
Eisenhower
Ford
Franklin
Garfield
Garner
Grant
Harding
Harrison
Hoover
Jackson
Johnson
Lincoln
Madison
Marshall
McKinley
Monroe
Pierce
Scott
Smith
Tyler
Walker
Waszyngton
Young
 
Statystyki odpowiedzi
Odpowiedź % Poprawnych
Clinton
68%
Waszyngton
58%
Lincoln
46%
Eisenhower
43%
Ford
41%
Cleveland
27%
Hoover
26%
Johnson
24%
Garfield
19%
Grant
19%
Harrison
19%
Jackson
19%
McKinley
19%
Monroe
16%
Madison
15%
Harding
12%
Pierce
9%
Tyler
9%
Nie znaleziono quizów pasujących do podanych kryteriów
Rozkład punktacji
Procent ludzi z każdym wynikiem
Percentyl według liczby udzielonych odpowiedzi
Twoja historia wyników
Nie rozwiązałeś tego quizu